| 000 | 00739aam a2200289 4500 | ||
|---|---|---|---|
| 005 | 20250819161541.0 | ||
| 008 | 150522b1996 xxu||||| |||| 00| 0 spa d | ||
| 020 | _a9789508940506 | ||
| 041 | _aESP | ||
| 082 | _a345 J25f | ||
| 100 | _aJakobs,Gunther | ||
| 245 | _aFundamentos del derecho penal | ||
| 260 | _aArgentina | ||
| 260 | _bAD-HOC | ||
| 260 | _c1996 | ||
| 300 | _a240 páginas | ||
| 490 | _aInvestigación Criminal | ||
| 650 | _aDERECHO PENAL | ||
| 650 | _aPRINCIPIOS DE CULPABILIDAD | ||
| 650 | _aDEFECTOS COGNITIVOS | ||
| 650 | _aDEFECTOS VOLITIVOS | ||
| 650 | _aCONCEPTO JURIDICO | ||
| 650 | _aEMBOZO DEL PROBLEMA | ||
| 650 | _aCASUALIDAD E IMPUNICIÓN | ||
| 650 | _aCRIMINALIZACIÓN | ||
| 942 |
_cBK _2ddc |
||
| 999 |
_c2204 _d2204 |
||